|
|
|
|
| LEADER |
00000nam0a2200000 4500 |
| 001 |
319575 |
| 005 |
20231102003208.0 |
| 035 |
|
|
|a (RuTPU)RU\TPU\book\345084
|
| 090 |
|
|
|a 319575
|
| 100 |
|
|
|a 20160603d1940 km y0rusy50 ca
|
| 101 |
0 |
|
|a rus
|
| 102 |
|
|
|a RU
|
| 105 |
|
|
|a a a 000zy
|
| 200 |
1 |
|
|a Стекло
|e реферативный указатель технической литературы
|f Государственный научно-исследовательский институт стекла ; под ред. С. И. Иофе
|
| 210 |
|
|
|a Москва
|a Ленинград
|c Государственное издательство легкой промышленности
|d 1940
|
| 215 |
|
|
|a 72 с.
|c ил.
|
| 606 |
1 |
|
|a Библиографические пособия
|x По химической технологии
|2 stltpush
|3 (RuTPU)RU\TPU\subj\77321
|9 87724
|
| 606 |
1 |
|
|a Стекло в целом
|2 stltpush
|3 (RuTPU)RU\TPU\subj\73642
|9 86525
|
| 610 |
1 |
|
|a реферативные указатели
|
| 610 |
1 |
|
|a стекольная промышленность
|
| 610 |
1 |
|
|a сырье
|
| 610 |
1 |
|
|a шихтование
|
| 610 |
1 |
|
|a топливо
|
| 610 |
1 |
|
|a печи
|
| 610 |
1 |
|
|a тепловой контроль
|
| 610 |
1 |
|
|a варка
|
| 610 |
1 |
|
|a составы
|
| 610 |
1 |
|
|a отжиг
|
| 610 |
1 |
|
|a закалка
|
| 610 |
1 |
|
|a химическая обработка
|
| 610 |
1 |
|
|a листовое стекло
|
| 610 |
1 |
|
|a технические стекла
|
| 610 |
1 |
|
|a химический анализ
|
| 610 |
1 |
|
|a огнеупоры
|
| 610 |
1 |
|
|a теплоизоляционные материалы
|
| 675 |
|
|
|a 666.1(01)
|v 4
|
| 686 |
|
|
|a Я19:66
|v LBC/SL-A
|2 rubbk
|
| 702 |
|
1 |
|a Иофе
|b С. И.
|4 340
|
| 712 |
0 |
2 |
|a Государственный научно-исследовательский институт стекла
|2 stltpush
|3 (RuTPU)RU\TPU\col\7841
|9 24392
|
| 801 |
|
1 |
|a RU
|b 63413507
|c 20160603
|
| 801 |
|
2 |
|a RU
|b 63413507
|c 20200210
|g RCR
|
| 942 |
|
|
|c BK
|